000 01342cam a22003614a 4500
001 12368041
003 OSt
005 20141107143232.0
008 010403s2002 paua b 001 0 eng
010 _a 2001031149
020 _a158255109X (alk. paper)
035 _a(DNLM)101092451
040 _aDNLM/DLC
_cDLC
_dDLC
042 _apcc
050 0 0 _aRB113
_b.A87 2002
060 1 0 _aQZ 17
_bA880398 2001
082 0 0 _aQZ 4 A851c 2002
_221
245 0 0 _aAtlas of pathophysiology.
260 _aSpringhouse, Pa. :
_bSpringhouse,
_cc2002.
300 _avii, 423 p. :
_bcol. ill. ;
_c29 cm.
500 _aAt head of title: Anatomical Chart Co.
504 _aIncludes bibliographical references (p. 409) and index.
650 0 _aPhysiology, Pathological
_vAtlases.
_91930
650 1 2 _aPathology
_vAtlases.
_91931
650 2 2 _aPhysiology
_vAtlases.
_91932
710 2 _aSpringhouse Corporation.
_91933
710 2 _aAnatomical Chart Co.
_91934
856 4 2 _3Publisher description
_uhttp://www.loc.gov/catdir/enhancements/fy0727/2001031149-d.html
906 _a7
_bcbc
_corignew
_d1
_eocip
_f20
_gy-gencatlg
942 _2z
_cSLOAN
999 _c726
_d726